Histoire de France et initiation a l'histoire de la civilisation : cours moyen 1re et 2e annees
Αποθηκεύτηκε σε:
| Κύριος συγγραφέας: | |
|---|---|
| Άλλοι συγγραφείς: | , |
| Μορφή: | Βιβλίο |
| Γλώσσα: | French |
| Δημοσίευση: |
Paris :
Colin,
1954
|
| Έκδοση: | 4e ed. |
| Θέματα: | |
| Ετικέτες: |
Προσθήκη ετικέτας
Δεν υπάρχουν, Καταχωρήστε ετικέτα πρώτοι!
|
MARC
| LEADER | 00000cam a2200000 i 4500 | ||
|---|---|---|---|
| 001 | 1/94413 | ||
| 008 | 080923s1954 fre d | ||
| 035 | |l 10100375 | ||
| 040 | |a GR-MY-UA |b gre |e aacr | ||
| 041 | 0 | |a fre | |
| 082 | 0 | |a 907.20944 |2 (22) | |
| 100 | 1 | |a Personne, E. |q (Eliane), |d 1907- | |
| 245 | 1 | 0 | |a Histoire de France et initiation a l'histoire de la civilisation : |b cours moyen 1re et 2e annees / |c E. Personne et M. Ballot et G. Marc |
| 250 | |a 4e ed. | ||
| 260 | |a Paris : |b Colin, |c 1954 | ||
| 300 | |a 225 σ.; |b εικ., φωτ., χάρτες ; |c 1954 | ||
| 500 | |a "310 photographies, 10 cartes, 12 planches hors-texte en couleurs" | ||
| 650 | 0 | 0 | |a Civilization |x Outlines, syllabi, etc. |
| 650 | 0 | 0 | |a History |x Study and teaching |x Handbooks, manuals, etc. |
| 650 | 0 | 0 | |a Historiography |x Handbooks, manuals, etc. |
| 651 | 0 | |a France |x History. | |
| 700 | 1 | |a Ballot, Marc. | |
| 700 | 1 | |a Marc, G. | |
| 852 | |a INST |b RHODES |c AKA |e 20080923 |h 907.20944 PER |p 005400030635 |q 005400030635 |t BK |y 0 | ||
| 901 | |a BIBL4-2008-3 | ||
| 909 | |a Ρ |b 153093 | ||
| 970 | |a ΧΑΡΙΟΠΟΛΙΤΟΥ |b ΚΩΝΣΤΑΝΤΙΝΑ |z 2008/09/23 | ||